LEADER 02000nam0 2200397 i 450 001 MIL0743526 005 20251003044237.0 010 $a9788846491572 100 $a20130827d2007 ||||0itac50 ba 101 | $aita 102 $ait 181 1$6z01$ai $bxxxe 182 1$6z01$an 200 1 $aMicroeconomia$fHarnold Heertje, Guido Tortorella Esposito 210 $aMilano$cF.Angeli$dİ2007 215 $a280 p.$d23 cm. 225 | $aEconomia$i. Sez. 1$v67 410 0$1001CFI0091188$12001 $aEconomia$i. Sez. 1$v67 606 $aMicroeconomia$2FIR$3CFIC000534$9E 676 $a338.5$9Produzione - Economia generale della produzione$v14 676 $a338.5$9ECONOMIA GENERALE DELLA PRODUZIONE$v19 676 $a338.5$9ECONOMIA GENERALE DELLA PRODUZIONE$v21 676 $a338.5$9ECONOMIA GENERALE DELLA PRODUZIONE$v23 696 $aMicroanalisi economica 699 $aMicroeconomia$yMicroanalisi economica 700 1$aHeertje$b, Arnold$3CFIV013216$4070$074885 701 1$aTortorella Esposito$b, Guido$3MILV327718$4070$0437671 801 3$aIT$bIT-000000$c20130827 850 $aIT-BN0095 901 $bNAP 01$cPOZZO LIB.$nVi sono collocati fondi di economia, periodici di ingegneria e scienze, periodici di economia e statistica e altri fondi comprendenti documenti di economia pervenuti in dono. 901 $bNAP 01$cBCA $nComprende monografie e periodici di diritto, testi di ingegneria, di scienze e tecnologia di nuova acquisizione. 912 $aMIL0743526 950 0$aBiblioteca Centralizzata di Ateneo$c1 v.$d 01POZZO LIB.DONI DEMM 418$e 01 0000087225E VMA 1 v.$fB $h20221125$i20221125$c1 v.$d 01POZZO LIB.ECON MON 3005$e 0101 0006002165E VMA 1 v.$fB $h20210311$i20210311$c1 v.$d 01BCA SC. SOCIAL 317$e 01 0000199035 VMA 1 v.$fY $h20240209$i20240209 977 $a 01 996 $aMicroeconomia$964956 997 $aUNISANNIO